000
00332nam a2200157Ia 4500
100
_a
Carrera/Philip
650
_a
Adobe
942
_c
BK
366
_f
20
654
_a
adobe
245
_a
Adobe flash animation
260
_b
Jones and Bartlett
_c
2011
082
_a
5.133
_b
CAR
300
_a
270
546
_a
ENGLISH
_c
electronics
999
_c
28326
_d
28326